LEADER 01354cam0-2200289 --450 001 9910319248103321 005 20190515123028.0 010 $a978-88-916-2548-9 100 $a20190515d2018----kmuy0itay5050 ba 101 0 $aita 102 $aIT 105 $a 001yy 200 1 $a<>nuova disciplina delle intercettazioni dopo il D.LGS. 216/2017$eprocedure e strategie difensive$ela riforma di cui al D.Lgs. 216/2017, limiti di ammissibilità, presupposti e forme, intercettazioni ambientali e telematiche, intercettazioni per la ricerca di latitanti e preventive, esecuzione delle operazioni, utilizzazione processuale, intercettazioni illegali, tabulati telefonici e dati telematici$eaggiornato al D.Lgs. 29 dicembre 2017, n. 216 (disposizioni in materia di intercettazioni e comunicazioni)$fNicola D'Angelo 205 $a2. ed 210 $aSantarcangelo di Romagna$cMaggioli$d2018 215 $a415 p.$d24 cm. 225 1 $aLegale penale$v15 610 0 $aIntercettazioni di conversazioni o comunicazioni$aItalia 676 $a363.252$v23 700 1$aD'Angelo,$bNicola$f<1965- >$0284130 801 0$aIT$bUNINA$gREICAT$2UNIMARC 901 $aBK 912 $a9910319248103321 952 $aXIII D 187$b2018/276$fFGBC 959 $aFGBC 996 $aNuova disciplina delle intercettazioni dopo il D.Lgs. 216$91536207 997 $aUNINA LEADER 01121nas 2200373-a 450 001 9910145984203321 005 20200610071351.8 035 $a(OCoLC)184842468 035 $a(CKB)1000000000717177 035 $a(CONSER)--2009200161 035 $a(EXLCZ)991000000000717177 100 $a20071218b20072013 --- a 101 0 $aeng 200 00$aArchitectural glass concepts 210 $aSeattle, Wash. $c[s.n.] 311 $a1947-8070 517 1 $aArchitectural glass concepts magazine 517 1 $aAGC magazine 517 1 $aAGC 531 0 $aArchitectural glass concepts 606 $aGlass construction$vPeriodicals 606 $aArchitectural glass$vPeriodicals 606 $aArchitectural glass$2fast$3(OCoLC)fst01741946 606 $aGlass construction$2fast$3(OCoLC)fst00943109 608 $aPeriodicals.$2fast 615 0$aGlass construction 615 0$aArchitectural glass 615 7$aArchitectural glass. 615 7$aGlass construction. 676 $a721.04496 906 $aJOURNAL 912 $a9910145984203321 996 $aArchitectural glass concepts$92193640 997 $aUNINA